Seventh-day Adventists believe : (Record no. 25267)

MARC details
000 -LEADER
fixed length control field 00995nam a2200253Ii 4500
001 - CONTROL NUMBER
control field 1042168579
003 - CONTROL NUMBER IDENTIFIER
control field AUA.1
005 - DATE AND TIME OF LATEST TRANSACTION
control field 20251120175706.0
008 - FIXED-LENGTH DATA ELEMENTS--GENERAL INFORMATION
fixed length control field 180628s2018 mdu b 001 0 eng d
020 ## - INTERNATIONAL STANDARD BOOK NUMBER
International Standard Book Number 9788472086463
020 ## - INTERNATIONAL STANDARD BOOK NUMBER
International Standard Book Number 8472086461
035 ## - SYSTEM CONTROL NUMBER
System control number (OCoLC)1042168579
040 ## - CATALOGING SOURCE
Original cataloging agency EXN
Language of cataloging eng
Description conventions rda
Transcribing agency EXN
050 ## - LIBRARY OF CONGRESS CALL NUMBER
Classification number BX6121.1
Item number .S49 2018
245 00 - TITLE STATEMENT
Title Seventh-day Adventists believe :
Remainder of title a Biblical exposition of fundamental doctrines.
246 3# - VARYING FORM OF TITLE
Title proper/short title Biblical exposition of fundamental doctrines.
250 ## - EDITION STATEMENT
Edition statement 3rd ed.
260 ## - PUBLICATION, DISTRIBUTION, ETC. (IMPRINT)
Place of publication, distribution, etc Silver Spring, MD :
Name of publisher, distributor, etc Ministerial Association, General Conference of Seventh-day Adventists :
-- Review and Herald Publishing Association;
Date of publication, distribution, etc 2018.
300 ## - PHYSICAL DESCRIPTION
Extent x, 11-452 pages ;
Dimensions 23 cm.
504 ## - BIBLIOGRAPHY, ETC. NOTE
Bibliography, etc Includes bibliographical references and index.
650 #0 - SUBJECT ADDED ENTRY--TOPICAL TERM
Topical term or geographic name as entry element Seventh-Day Adventists
General subdivision Doctrines.
710 2# - ADDED ENTRY--CORPORATE NAME
Corporate name or jurisdiction name as entry element General Conference of Seventh-Day Adventists.
Subordinate unit Ministerial Association.
942 ## - ADDED ENTRY ELEMENTS (KOHA)
Source of classification or shelving scheme Library of Congress Classification
Koha item type Books
Classification part BX 6121.1
Item part .S49 2018
Holdings
Withdrawn status Lost status Source of classification or shelving scheme Damaged status Not for loan Collection code Home library Current library Shelving location Date acquired Source of acquisition Cost, normal purchase price Serial Enumeration / chronology Total Checkouts Full call number Barcode Date last seen Cost, replacement price Price effective from Koha item type
    Library of Congress Classification     Books Judith Thomas Library Judith Thomas Library General Stacks 20/11/2025 Bought by JTL 14.00 AUA28015   BX 6121.1 .S49 2018 AUA28015 20/11/2025 14.00 20/11/2025 Books